| 000 | 00957cam a2200325 a 4500 | ||
|---|---|---|---|
| 999 |
_c4060 _d4060 |
||
| 001 | 5520375 | ||
| 003 | Nust | ||
| 005 | 20171108155059.0 | ||
| 008 | 041005s2005 enka e b 001 0beng | ||
| 015 |
_aGBA512142 _2bnb |
||
| 016 | 7 |
_a013106799 _2Uk |
|
| 020 | _a9695191304 (hbk.) | ||
| 035 | _a(OCoLC)ocm57638494 | ||
| 035 | _a(NNC)5520375 | ||
| 040 |
_aUKM _cUKM _dBAKER _dBWKUK |
||
| 050 | 4 |
_aBP80.I2 _bC474 2005 |
|
| 082 | 0 | 4 |
_a297.4092 _bCHI |
| 100 | 1 |
_aChittick, William C. _9175 |
|
| 245 | 1 | 0 |
_aIbn ʻArabi : _bheir to the prophets / _cWilliam C. Chittick. |
| 260 |
_aOxford : _bOneworld, _c2005. |
||
| 300 |
_avii, 152 p. ; _c23 cm. |
||
| 490 | 1 | _aMakers of the Muslim world | |
| 504 | _aIncludes bibliographical references (p. 145-146) and index. | ||
| 600 | 0 | 0 |
_aIbn al-ʻArabī, _d1165-1240. _96151 |
| 650 | 0 |
_aSufis _vBiography. _96176 |
|
| 830 | 0 |
_aMakers of the Muslim world. _96177 |
|
| 942 |
_2ddc _cBK |
||
| 948 | 1 |
_a20060120 _bc _cks26 _dMPS |
|